Footballers by Career - Arsenal - Statistics

General Stats
  • This quiz has been taken 253 times
  • The average score is 8 of 10
Answer Stats
Player % Correct
Mesut Özil
94%
Alexandre Lacazette
93%
Sol Campbell
81%
Danny Welbeck
80%
Jens Lehmann
75%
Freddie Ljungberg
73%
Gilberto Silva
71%
Nicklas Bendtner
66%
Marc Overmars
64%
Nacho Monreal
58%
No matching quizzes found
Score Distribution
Percent of People with Each Score
Percentile by Number Answered
Your Score History
You have not taken this quiz